00329pam a2200121 a 4500020000500000041000500005082001100010100005600021245006700077250000800144260004700152300000800199 c h a657.42 aBOARDMAN (Anthony E.)/ GREENBERG (David H.)eauthor aCost-Benefit Analysis: Concepts and PracticehTextual Document a3rd bPearson Education Delhi, Harlow, Singapore a576